| 000 | 01609cam a2200361 a 4500 | ||
|---|---|---|---|
| 001 | 5946 | ||
| 003 | FISKH | ||
| 005 | 20250210160320.0 | ||
| 008 | 990504s1999 nyua j 000 1 eng | ||
| 010 | _a 99032932 | ||
| 020 | _a0525461663 | ||
| 040 |
_aDLC _cDLC _dDLC _beng |
||
| 042 | _alcac | ||
| 050 | _aPZ10.G316 F | ||
| 082 | _a813.54 | ||
| 100 | 1 |
_aGeorge, Jean Craighead _d(1919-2012) |
|
| 245 | 1 | 0 |
_aFrightful's mountain / _cwritten and illustrated by Jean Craighead George ; with a foreword by Robert F. Kennedy, Jr. |
| 250 | _aThis edition first published in 2001 | ||
| 260 |
_aNew York : _bScholastic, _c1999. |
||
| 300 |
_a258 pages : _billustrations ; _c18 cm |
||
| 505 | _aR | ||
| 520 | _aAs she grows through the first years of her life in the Catskill Mountains of New York, a peregrine falcon called Frightful interacts with various humans, including the boy who raised her, a falconer who rescues her, and several unscrupulous poachers, as well as with many animals that are part of the area's ecological balance. | ||
| 521 | 8 |
_a710
_bLexile |
|
| 521 | 8 |
_aR
_bRaz-Plus |
|
| 650 | 0 |
_aPeregrine falcon _vJuvenile fiction. |
|
| 650 | 1 |
_aPeregrine falcons _vFiction. |
|
| 856 | 4 | 2 |
_3Publisher description _uhttp://www.loc.gov/catdir/enhancements/fy1207/99032932-d.html |
| 856 | 4 | 1 |
_3Sample text _uhttp://www.loc.gov/catdir/enhancements/fy1207/99032932-s.html |
| 856 | 4 | 2 |
_3Contributor biographical information _uhttp://www.loc.gov/catdir/enhancements/fy1505/99032932-b.html |
| 906 |
_a7 _bcbc _corignew _d1 _eocip _f19 _gy-gencatlg |
||
| 942 |
_2ddc _cBK _n0 |
||
| 999 |
_c5946 _d5946 |
||